这些5A景区在哪里?#17~27 Where are these 5A scenic spots located? - Statistics

General Stats
  • This quiz has been taken 77 times
  • The average score is 22 of 40
Answer Stats
景点 地市 % Correct
布达拉宫景区 拉萨
92%
吴中太湖旅游区 苏州
86%
沂蒙山景区 临沂/潍坊
81%
常熟沙家浜-虞山尚湖旅游区 苏州
81%
(湖北)**东湖风景区 武汉
81%
台儿庄古城景区 枣庄
81%
天下第一泉风景区 济南
81%
**句容茅山景区 镇江
80%
汶川特别旅游区 阿坝
80%
**古徽州文化旅游区 黄山
78%
婺源江湾景区 上饶
70%
(江西)**古窑民俗博览区 景德镇
69%
**黄陂木兰文化生态旅游区 武汉
69%
**溧阳天目湖旅游度假区 常州
67%
福鼎太姥山旅游区 宁德
64%
大昭寺 拉萨
63%
天山大峡谷景区 乌鲁木齐
63%
阆中古城旅游区 南充
61%
(陕西)法门寺佛文化景区 宝鸡
61%
(湖北)屈原故里文化旅游区 宜昌
59%
(四川)邓小平故里景区 广安
58%
乔家大院 晋中
58%
(贵州)百里杜鹃景区 毕节
53%
博斯腾湖景区 巴音郭楞
47%
(广东)罗浮山景区 惠州
44%
(湖南)花明楼景区 长沙
42%
**青秀山风景名胜旅游区 南宁
39%
颍上八里河景区 阜阳
38%
(山西)绵山风景名胜区 晋中
36%
开化根宫佛国文化旅游区 衢州
34%
**中国西峡恐龙遗迹园-伏牛山-老界岭旅游区 南阳
31%
(广东)西樵山景区 佛山
30%
长阳清江画廊景区 宜昌
30%
汤旺河林海奇石景区 伊春
28%
(海南)分界洲岛旅游区 陵水
27%
泽普金湖杨国家森林公园景区 喀什
23%
**羌城旅游区 绵阳
23%
(河南)**龙潭大峡谷景区 洛阳
20%
(广东)**长鹿旅游休博园 佛山
14%
金佛山-神龙峡风景区 重庆
13%
No matching quizzes found
Score Distribution
Percent of People with Each Score
Percentile by Number Answered
Your Score History
You have not taken this quiz